[Event "Nettetal op"]
[Site "Nettetal"]
[Date "2010.07.06"]
[Round "4"]
[White "Egel, Amos"]
[Black "Thodam, Malte"]
[Result "1/2-1/2"]
[WhiteElo "1984"]
[BlackElo "1758"]
[PlyCount "51"]
[EventDate "2010.07.03"]
[EventType "swiss"]
[EventRounds "9"]
[EventCountry "GER"]
[SourceTitle "CBM 137 Extra"]
[Source "ChessBase"]
[SourceDate "2010.09.01"]
[SourceVersion "1"]
[SourceVersionDate "2010.09.01"]
[SourceQuality "1"]

1. d4 Nf6 2. c4 e6 3. Nc3 Bb4 4. Qc2 0-0 5. a3 Bxc3+ 6. Qxc3 Ne4 7. Qc2 f5 8. e3 b6 9. Bd3 Bb7 10. h4 Qf6 11. Ne2 c5 12. b3 Nc6 13. f3 cxd4 14. fxe4 fxe4 15. Bxe4 dxe3 16. Qb2 Ne5 17. Qb1 Qf2+ 18. Kd1 d5 19. Bxh7+ Kh8 20. Bb2 dxc4 21. Bxe5 Rfd8+ 22. Kc1 Qxe2 23. Bxg7+ Kxg7 24. Qg6+ Kh8 25. Qf6+ Kxh7 26. Qf7+ 1/2-1/2

[Event "Duesseldorf Nord Cup 7th GrE"]
[Site "Duesseldorf"]
[Date "2007.08.12"]
[Round "4"]
[White "Riewe, Helmuth"]
[Black "Thodam, Malte"]
[Result "1-0"]
[WhiteElo "1378"]
[BlackElo "1391"]
[PlyCount "73"]
[EventDate "2007.08.10"]
[EventType "tourn"]
[EventRounds "5"]
[EventCountry "GER"]
[SourceTitle "EXT 2020"]
[Source "ChessBase"]
[SourceDate "2019.10.17"]
[SourceVersion "1"]
[SourceVersionDate "2019.10.17"]
[SourceQuality "1"]

1. d4 d5 2. e3 Nf6 3. Bd3 e6 4. Nd2 c5 5. c4 Nc6 6. Ngf3 Bd6 7. cxd5 exd5 8. dxc5 Bxc5 9. Bb5 0-0 10. 0-0 Qb6 11. Bxc6 bxc6 12. Nb3 Bd6 13. h3 Ne4 14. Bd2 Ba6 15. Re1 Nxd2 16. Nfxd2 Rab8 17. Qf3 Bb4 18. Red1 Rfe8 19. a3 Bxd2 20. Nxd2 Qxb2 21. Rab1 Qe5 22. Nb3 Bc4 23. Na5 Rxb1 24. Rxb1 Bb5 25. Qd1 Qc3 26. a4 Bd3 27. Rb3 Qxa5 28. Rxd3 Rb8 29. Rd4 Rb4 30. g3 Qc5 31. Qg4 Rb8 32. Qd7 Qb6 33. Kg2 Rd8 34. Qe7 Rf8 35. Rb4 Qa5 36. Qd6 Rc8 37. Rb8 1-0